Statistiche per Capitali del mondo che iniziano con la E,F, I, J

Clicka qui per fare il quiz!

Statistiche generali

  • Questo quiz è stato fatto 322 volte
  • Il punteggio medio è 4 su 6

Statistiche sulle risposte

Risposte% Corretto
Islamabad
80%
Erevan
76%
Funafuti
66%
Freetown
54%
Il Cairo
44%
Juba
43%

Distribuzione punteggi

Percentile per numero di risposta

Percentuale di utenti per punteggio

I tuoi punteggi nel tempo

Non hai fatto questo quiz